LDR 00607naa#a2200169#i#450# 001 EN\INFRA-M\bibl\118170 005 20260427142927.1 011 ## _a2305-7807 100 ## _a20260227b2026####ek#y0engy0150####ca 102 ## _aRU 200 1# _aPECULIARITIES OF THE STRATEGY OF SEARCHING AND SELECTING PERSONNEL FOR THE CATERING INDUSTRY IN THE CONTEXT OF CHANGING STATE MIGRATION POLICY _eJournal article 210 1# _aMoscow _cINFRA-M Academic Publishing LLC. _d2026 215 ## _a3 с. 608 ## _aJournal article _2local 675 ## _aРынок труда. Занятость. 331.5 _z 700 #1 _aLaas _gN. I. 856 4# _azh-szf.ru _u